000 00525nam a2200181Ia 4500
005 20250326143620.0
008 250326s9999 xx 000 0 und d
037 _aTextbook
040 _aFMSL
_beng
_cFMSL
041 _aeng
_2eng
084 _aX:89ZB.43 P5
_qFMSL
100 _aHDC
_9447821
245 0 _aHuman development in South Aisa 2004 : health challenge
_cHDC
260 _aNew York
_bNew York, Oxford University
_c2005
300 _a265p
942 _cTB
_hX:89ZB.43 P5
999 _c1300282
_d1300282